MMK 2024 mezinárodní Masarykova konference pro doktorandy a mladé vědecké pracovníky

Enregistré dans:
Détails bibliographiques
Collectivité auteur: Mezinárodní Masarykova konference pro doktorandy a mladé vědecké pracovníky 2024
Autres auteurs: Lipowski, Jaroslav, Iwanow, Mikołaj
Format: Livre
Langue:tchèque
anglais
slovaque
polonais
Publié: Hradec Králové MAGNANIMITAS 2024
Édition:1. vydání
Sujets:
Tags: Ajouter un tag
Pas de tags, Soyez le premier à ajouter un tag!

MARC

LEADER 00000nlm a2200000 4500
001 0305795
005 20260111171836.6
020 |a 978-80-87952-41-2 
041 0 |a cze 
041 0 |a eng 
041 0 |a slo 
041 0 |a pol 
044 |a CZ 
245 1 0 |a MMK 2024  |b mezinárodní Masarykova konference pro doktorandy a mladé vědecké pracovníky  |c garanti koference, recenzenti/Conference Guarantors, Reviewers: Jaroslav Lipowski, Mikołaj Iwanow ... [et al.] 
250 |a 1. vydání 
264 1 |a Hradec Králové  |b MAGNANIMITAS  |c 2024 
300 |a 1088 s. 
610 2 0 |a riadenie podnikové 
610 2 0 |a marketing 
610 2 0 |a financie 
610 2 0 |a účtovníctvo 
610 2 0 |a správa verejná 
700 1 |a Lipowski, Jaroslav 
700 1 |a Iwanow, Mikołaj 
110 2 |a Mezinárodní Masarykova konference pro doktorandy a mladé vědecké pracovníky 2024